000
00331nam a2200133Ia 4500
008
240624s9999 xx 000 0 und d
041
_a
eng
082
_a
307.14 KUM
100
_a
KUMAR SOMESH
245
_a
METHODS FOR COMMUNITY PARTICIPATION A CO
260
_c
2002
_a
New Delhi
_b
Vistaar Publication
300
_a
333
365
_c
RS
999
_c
1139
_d
1139